000 00787cam a2200265 a 4500
001 13598614
003 CEME
005 20210628201541.0
008 040519s2005 nyua 001 0 eng
010 _a 2004050491
020 _a0072871865 (pbk. : alk. paper)
040 _aDLC
_cDLC
_dDLC
050 0 0 _aPE1471
_b.L34 2004
082 0 0 _a808/.042
_222
100 1 _aLangan, John,
_d1942-
_955783
245 1 0 _aCollege writing skills
_cJohn Langan.
250 _a6th ed.
260 _aNew York :
_bMcGraw-Hill,
_cc2005.
300 _axxii, 586 p. :
_bcol. ill. ;
_c24 cm. +
_e1 CD-ROM (4 3/4 in.)
500 _aIncludes index.
650 0 _aEnglish language
_xRhetoric.
_93245
650 0 _aEnglish language
_xGrammar.
_935697
650 0 _aReport writing.
_93246
942 _2ddc
_cBK
999 _c566470
_d566470